ANALYZING LAW : NEW ESSAYS IN LEGAL THEORY (Record no. 7825)

MARC details
000 -LEADER
fixed length control field 00396nam a22001697a 4500
005 - DATE AND TIME OF LATEST TRANSACTION
control field 20210904141635.0
008 - FIXED-LENGTH DATA ELEMENTS--GENERAL INFORMATION
fixed length control field 210823b ||||| |||| 00| 0 eng d
020 ## - INTERNATIONAL STANDARD BOOK NUMBER
ISBN 0198265832
041 ## - LANGUAGE CODE
Language code of text/sound track or separate title eng
082 ## - DEWEY DECIMAL CLASSIFICATION NUMBER
Classification number 340.1
100 ## - MAIN ENTRY--AUTHOR NAME
Personal name BIX, BRIAN
245 ## - TITLE STATEMENT
Title ANALYZING LAW : NEW ESSAYS IN LEGAL THEORY
260 ## - PUBLICATION, DISTRIBUTION, ETC. (IMPRINT)
Name of publisher CLAREINDON
Year of publication 1998
300 ## - PHYSICAL DESCRIPTION
Number of Pages 327;p
650 ## - SUBJECT ADDED ENTRY--TOPICAL TERM
Topical Term LAW
942 ## - ADDED ENTRY ELEMENTS (KOHA)
Koha item type Books
Holdings
Lost status Damaged status Collection code Home library Current library Shelving location Date acquired Source of acquisition Full call number Accession Number Koha item type
    LAW JRU Library JRU Library SHELF-50-E 23/08/2021 PURCESS 340.1 25849 Books